| 000 | 00507nam a22001937a 4500 | ||
|---|---|---|---|
| 003 | SGT | ||
| 020 | _a9788131229996 | ||
| 082 | _a617.632 P12B | ||
| 100 | _aBains, Vivek | ||
| 245 | _aPeriodontology : Exam Preparatory Manual for Undergraduates | ||
| 250 | _a1st | ||
| 260 |
_aDelhi, India _bElsevier _c2012 |
||
| 300 | _a467 | ||
| 650 | _aPeriodontology | ||
| 653 | _aPeriodontology; Periodontal Disease; Gingival Disease | ||
| 700 | _aGupta, Vivek | ||
| 700 | _aBansal, Jyoti | ||
| 942 |
_2ddc _cBK _01 |
||
| 999 |
_c22664 _d22664 |
||